000 00727nam a2200241 i 4500
001 172952
003 ES-MaACL
005 20250710062737.0
007 t|
008 090918s1982 fr ||||1| fre d
020 _a2-13-037575-8
080 _a811.133.1'35
100 1 _aCatach, Nina.
_937002
245 1 2 _aL'orthographe /
_cNina Catach.
250 _a2e éd. mise à jour.
260 _aParis :
_bPresses Universitaires de France,
_c1982.
300 _a127 p. ;
_c18 cm.
490 1 _aQue sais-je ? ;
_v685
650 4 _aLengua francesa-
_xOrtografía.
_914227
830 0 0 _aQue sais-je?
_v685
_9180931
852 4 _aES-MaACL
_jE-12992
_9R.139184
_z. - Biblioteca Jacinto Martínez Lacalle
999 _c172952
_d172952